| 000 | 00483nam a22001697a 4500 | ||
|---|---|---|---|
| 005 | 20230119101544.0 | ||
| 008 | 220120b ||||| |||| 00| 0 eng d | ||
| 020 | _a978-81-312-5774-6 | ||
| 041 | _aeng | ||
| 082 | _a612 | ||
| 100 |
_aHALL, JOHN.E AND HALL, MICHAEL E. _96457 |
||
| 245 | _aGUYTON AND HALL TEXTBOOK OF MEDICAL PHYSIOLOGY THIRD SOUTH ASIA EDITION | ||
| 260 |
_bELSEVIER _c2020 |
||
| 300 | _a1011;p | ||
| 650 |
_aBPT PHARMACY _xB.PHARMA & D.PHARMA _97478 |
||
| 942 | _cBK | ||
| 999 |
_c7845 _d7843 |
||